Úvod do fyziológie telesných cvičení ... učeb. text pre internú potrebu štud. Fakulty telesnej výchovy a športu UK ...

Bibliographic Details
Main Author: Brozmanová, Irena, 1927- (Author)
Format: Book
Language:Slovak
Published: Bratislava UK 1973
Series:Vysokoškolské skriptá
Subjects:

MARC

LEADER 00000cam a2200000 a 4500
001 vtls008358161
003 SK-MaSNL
005 20260301175618.0
008 240315s1973 xo e 001 0 slo
015 |a SNBA1973 
035 |a SK01SNK19730050378 
035 |a SKM000052841 
040 |a SNK  |b slo  |c SNK  |e AACR2 
041 0 |a slo 
044 |a xo  |c SK 
080 |a 612:796(075.8)  |2 1981 
080 |a 796:612(075.8)  |2 1981 
100 1 |a Brozmanová, Irena,  |d 1927-  |4 aut  |9 230805 
245 1 0 |a Úvod do fyziológie telesných cvičení  |b ... učeb. text pre internú potrebu štud. Fakulty telesnej výchovy a športu UK ...  |c Irena Brozmanová 
260 |a Bratislava  |b UK  |c 1973 
300 |a 231 s.  |b diagr., grafy, ilustr., sch., tab.  |c 4° 
366 |e 250 výt. 
490 1 |a Vysokoškolské skriptá 
500 |a Bibliogr. Pozn. 
650 0 7 |a telesné cvičenia  |2 SNKPH  |9 707 
650 0 7 |a fyziológia  |x človek  |2 SNKPH  |9 549662 
655 7 |a učebnice vysokých škôl  |2 SNKPH  |9 70191 
830 0 |a Vysokoškolské skriptá  |9 276440 
958 |a OND 
958 |a RM 
958 |a RK 
958 |a NB 
958 |a UV 
999 |c 843621  |d 845551 
952 |t P60, <04>, [BOOK], {604}  |a SNK  |b SNK  |y VYP  |7 0  |p 17A0012094  |o snkSB 19318 D1  |i snkKSP 3029/73  |0 0  |1 0  |4 0  |d 1996-10-14  |l 0  |r 2005-01-01 00:00:00  |w 2026-02-24 
952 |a SNK  |b SNK  |y PREZ  |7 0  |p 17A0897936  |o snkSB 19318  |i snkKSP 3028/73  |0 0  |1 0  |4 0  |d 2012-07-24  |f 1  |l 0  |r 2025-03-20 00:00:00  |w 2026-02-24 
952 |a SNK  |b SNK  |y VYP  |7 0  |o snkSB 19318 D2  |i snkD 1066/76  |8 1  |0 0  |1 0  |4 0  |d 2015-10-30  |l 0  |r 2026-02-24 04:18:38  |w 2026-02-24